La salud / (Registro nro. 11584)

Detalles MARC
000 -LIDER
fixed length control field 01071cam a22003373a 4500
001 - NÚMERO DE CONTROL
Identificador de número de control 0000725
003 - IDENTIFICACDOR DE NÚMERO DE CONTROL
control field DO-SdBNP
005 - DATE AND TIME OF LATEST TRANSACTION
control field 20170915134144.0
007 - CAMPOS FIJOS DE DESCRIPCIÓN FÍSICA
fixed length control field 0000725
008 - ELEMENTOS DE LONGITUD FIJA
fixed length control field 861112 1980 sp ac 000 0 spa d
010 ## - NUMERO DE CONTROL DE BIBLIOTECA DEL CONGRESO
LC control number
020 ## - ISBN
International Standard Book Number 8422611465
040 ## - FUENTE DE CATALOGACIÓN
Agencia que crea de manera original el registro BPMSU
Agencia que realiza la transcripción spa
Agencia que realiza la modificación BPMSU
--
082 ## - NÚMERO DE CLASIFICACIÓN DECIMAL DE DEWEY
Classification number R 610.3
Item number L697sa
240 00 - TITULO UNIFORME
Título uniforme Guide santé médecine
Idioma de una obra Español.
245 00 - MENCIÓN DE TITULO
Título La salud /
Mención de responsabilidad Claude B. Blouin ... [et al.] ; traducción Mª Teresa Paüls
260 0# - PUBLICACIÓN, DISTRIBUCIÓN, ETC. (PIE DE IMPRENTA)
Lugar de publicación, distribución, etc Barcelona :
Nombre del editor, distribuidor, etc. Circulo de Lectores,
Fecha de publicación, distribución, etc 1980.
300 ## - DESCRIPCIÓN FÍSICA
Extensión 480 p. :
Otros detalles físicos il., retrato
Dimensiones 25 cm.
490 1# - MENCIÓN DE SERIES
Mención de serie Enciclopédia médica familiar
500 ## - NOTA GENERAL
Nota general Incluye glosario.
600 00 - ENCABEZAMIENTO DE MATERIA--NOMBRE PERSONAL
Nombre personal
Subdivisión temática general
650 #4 - ENCABEZAMIENTO DE MATERIA--TEMÁTICO
Término temático o nombre geográfico como elemento de entrada MEDICINA POPULAR
Subdivisión de forma ENCICLOPÉDIAS Y DICCIONARIOS
650 #4 - ENCABEZAMIENTO DE MATERIA--TEMÁTICO
Término temático o nombre geográfico como elemento de entrada MEDICINA
Subdivisión de forma ENCICLOPÉDIAS Y DICCIONARIOS
650 #4 - ENCABEZAMIENTO DE MATERIA--TEMÁTICO
Término temático o nombre geográfico como elemento de entrada MEDICINA FAMILIAR
Subdivisión de forma ENCICLOPÉDIAS Y DICCIONARIOS
700 12 - ASIENTO SECUNDARIO -- NOMBRE PERSONAL
Nombre personal Blouin, Claude-B.
700 12 - ASIENTO SECUNDARIO -- NOMBRE PERSONAL
Nombre personal Paüls, María Teresa
Mención de responsabilidad trad.
830 0# - ASIENTO SECUNDARIO DE SERIE--TÍTULO UNIFORME
Título uniforme Enciclopedia médica familiar
942 ## - ADDED ENTRY ELEMENTS (KOHA)
Source of classification or shelving scheme Dewey Decimal Classification
Koha item type Libros
945 ## - INFORMACIÓN DE PROCESAMIENTO LOCAL
Información de procesamiento local iNVENTARIADO, 2017/MFF
956 ## - LOCAL ELECTRONIC LOCATION AND ACCESS (OCLC)
Método de acceso YLOCKWARD
Materiales especificados 10
Campo enlazado y núm. de secuencia BPMSU
Existencias
Withdrawn status Lost status Source of classification or shelving scheme Damaged status Not for loan Collection code Home library Current library Date acquired Source of acquisition Total Checkouts Full call number Barcode Date last seen Price effective from Koha item type
    Dewey Decimal Classification     Colección de Referencia General Biblioteca Pública Metropolitana Salomé Ureña Biblioteca Pública Metropolitana Salomé Ureña 10/17/2016 Sin sellar   R 610.3 L697sa BPMSU16100215 10/17/2016 10/17/2016 Libros